| 000 | 01150cam a2200301 i 4500 | ||
|---|---|---|---|
| 001 | 008065745 | ||
| 003 | EG-ScBUE | ||
| 005 | 20230716124248.0 | ||
| 008 | 801117t1980 enka f b 001 0 eng d | ||
| 020 | _a0471276324 | ||
| 040 |
_aUk _beng _erda _cUk _dEG-ScBUE |
||
| 082 | 0 | 4 |
_a910.091732 _222 _bGEO |
| 245 | 0 | 0 |
_aGeography and the urban environment : _bprogress in research and applications. _nvolume 3 / _cedited by D. T. Herbert, reader in geography, University College of Wales, Swansea and R. J. Johnston, professor of geography, University of Sheffield. |
| 264 | 1 |
_aChichester : _bJohn Wiley & Sons, _c[1980] |
|
| 264 | 4 | _cc1980 | |
| 300 |
_a1 volume (xiii,428 pages) : _billustrations ; _c24 cm |
||
| 336 |
_2rdacontent _atext _btxt |
||
| 337 |
_2rdamedia _aunmediated _bn |
||
| 338 |
_2rdacarrier _avolume _bnc |
||
| 504 | _aIncludes bibliographical references and index. | ||
| 650 | 7 |
_aCities and towns. _2BUEsh _910163 |
|
| 650 | 7 |
_aAnthropo-geography. _2BUEsh |
|
| 653 |
_bGGEN _cJanuary2018 |
||
| 655 | _vReading book | ||
| 700 | 1 |
_aHerbert, David T. _eeditor. |
|
| 700 | 1 |
_aJohnston, R. J. _q(Ronald John) _eeditor. |
|
| 942 |
_2ddc _cBB |
||
| 999 |
_c25975 _d25947 |
||